[Event "10. Lichtenberger Sommer"]
[Site "Berlin"]
[Date "2011.08.19"]
[Round "7.78"]
[White "Bolshakov, Konstantin"]
[Black "Kapp, Frank"]
[Result "0-1"]
[WhiteElo "1618"]
[BlackElo "1894"]
[PlyCount "94"]
[EventDate "2011.??.??"]
[WhiteTeam "SG 1871 Löberitz"]
[BlackTeam "TSV IFA Chemnitz"]

1. d4 e6 2. c4 f5 3. g3 Nf6 4. Bg2 d5 5. b3 Be7 6. Nf3 O-O 7. Ba3 Ne4 8. Bxe7
Qxe7 9. O-O Nd7 10. Qd3 Ndf6 11. Nbd2 c6 12. Ne5 Bd7 13. f3 Nxd2 14. Qxd2 b6
15. Rfe1 Rad8 16. e4 Qd6 17. Rac1 dxe4 18. fxe4 fxe4 19. Bxe4 c5 20. Rcd1 Nxe4
21. Rxe4 Bc6 22. Rg4 Bf3 23. Nxf3 Rxf3 24. Qh6 Qe7 25. d5 exd5 26. cxd5 Rf6 27.
Qg5 h6 28. Qd2 Qd7 29. Ra4 Rd6 30. Qd3 Qf7 31. Rf4 Qxd5 32. Qxd5+ Rxd5 33. Rdf1
Rd1 34. Rf8+ Rxf8 35. Rxd1 Rf7 36. Kg2 g5 37. Rd6 Kg7 38. Rd2 g4 39. Rd5 Kg6
40. Rd6+ Rf6 41. Rd7 a5 42. Rd3 Rc6 43. a4 Kf5 44. Kf2 c4 45. Rc3 Ke4 46. Ke2
Kd4 47. Kd2 Rc5 0-1

[Event "10. Lichtenberger Sommer"]
[Site "Berlin"]
[Date "2011.08.19"]
[Round "7.79"]
[White "Herrmann, Eberhard"]
[Black "Rausch, Erik"]
[Result "1/2-1/2"]
[WhiteElo "1876"]
[BlackElo "1821"]
[PlyCount "56"]
[EventDate "2011.??.??"]
[WhiteTeam "SC Friesen Lichtenberg e.V."]
[BlackTeam "vereinslos"]

1. e4 c5 2. Nf3 e6 3. c3 d5 4. Bd3 Nc6 5. O-O Nge7 6. Bc2 d4 7. d3 e5 8. h3 Ng6
9. Bb3 Be7 10. Nbd2 dxc3 11. Nc4 Be6 12. bxc3 O-O 13. Ne3 Bxb3 14. axb3 Nf4 15.
Ne1 Qd7 16. Ng4 Ng6 17. Ra2 Rfd8 18. Be3 b6 19. f4 exf4 20. Bxf4 Nxf4 21. Rxf4
Qe6 22. Raf2 Rf8 23. Rf5 Rad8 24. Kh1 Qxe4 25. R5f4 Qe6 26. Re2 Qd6 27. Rfe4
Bh4 28. Nf3 Bf6 1/2-1/2

[Event "10. Lichtenberger Sommer"]
[Site "Berlin"]
[Date "2011.08.19"]
[Round "7.80"]
[White "Lagunow, Elina"]
[Black "Rehder, Frank"]
[Result "1/2-1/2"]
[WhiteElo "1713"]
[BlackElo "1947"]
[PlyCount "108"]
[EventDate "2011.??.??"]
[WhiteTeam "SG Grün-Weiß Baumschulenweg e.V."]
[BlackTeam "SC Zugzwang 95 e.V."]

1. e4 c5 2. c3 e6 3. d4 d5 4. exd5 Qxd5 5. Nf3 Nc6 6. Be3 cxd4 7. cxd4 Nf6 8.
Be2 Be7 9. h3 O-O 10. O-O a6 11. Nc3 Qa5 12. Rc1 Bd7 13. a3 Rac8 14. Nb1 b5 15.
b4 Qd8 16. Nbd2 Nd5 17. Ne4 Qb6 18. Nc5 Rfd8 19. Qb3 Bf6 20. Ne5 Be8 21. f4
Nxe3 22. Qxe3 Nxd4 23. Bd3 g6 24. Rfe1 Bg7 25. Kh1 Nc6 26. Rcd1 Nxe5 27. fxe5
Rd5 28. Qf4 Rcd8 29. Re3 Qa7 30. Rf1 Rd4 31. Qg3 a5 32. Nb3 R4d5 33. Nxa5 Bxe5
34. Qf3 Bg7 35. Be4 Re5 36. Ree1 Qc7 37. Bc6 Rxe1 38. Rxe1 Bxc6 39. Nxc6 Rd5
40. Na5 Qd8 41. Rf1 f5 42. Nb7 Qd7 43. Nc5 Qd6 44. Qe2 e5 45. Qxb5 Rd1 46. Rxd1
Qxd1+ 47. Kh2 h6 48. Qe8+ Kh7 49. Ne6 Qd6 50. Qf7 e4+ 51. Kg1 Qd1+ 52. Kf2 Qc2+
53. Kg3 Qc3+ 54. Kh2 Qe5+ 1/2-1/2

[Event "10. Lichtenberger Sommer"]
[Site "Berlin"]
[Date "2011.08.19"]
[Round "7.81"]
[White "Ollek, Karl-Heinz"]
[Black "Ziems, Michael"]
[Result "1/2-1/2"]
[WhiteElo "1803"]
[BlackElo "1795"]
[PlyCount "98"]
[EventDate "2011.??.??"]
[WhiteTeam "SC Friesen Lichtenberg e.V."]
[BlackTeam "SV Empor Berlin e.V."]

1. d4 e6 2. e4 d5 3. Nc3 Nf6 4. Bg5 Be7 5. e5 Nfd7 6. h4 h6 7. Bxe7 Kxe7 8. Qg4
Kf8 9. f4 Qe7 10. O-O-O c6 11. h5 b6 12. Rh3 Ba6 13. Bxa6 Nxa6 14. Qe2 Nc7 15.
g4 b5 16. Nf3 b4 17. Na4 Nb6 18. Nc5 Nb5 19. f5 Nxd4 20. Nxe6+ Nxe6 21. fxe6
fxe6 22. Nd4 Qg5+ 23. Kb1 Ke7 24. Nxc6+ Kd7 25. Nxb4 a5 26. Qb5+ Ke7 27. Nc6+
Kd7 28. Nd4+ Ke7 29. Qc5+ Kf7 30. Rf3+ Kg8 31. Qxb6 Qxg4 32. Qxe6+ Qxe6 33.
Nxe6 Re8 34. Rxd5 Rxe6 35. Rxa5 Kh7 36. b4 Rb8 37. a3 Rb7 38. Kb2 g6 39. Rf6
Rxf6 40. exf6 gxh5 41. Rxh5 Kg6 42. Rh1 Rf7 43. Rxh6+ Kxh6 44. b5 Kg6 45. a4
Kxf6 46. c4 Ke6 47. Kb3 Kd6 48. Kb4 Rf1 49. c5+ Kc7 1/2-1/2

[Event "10. Lichtenberger Sommer"]
[Site "Berlin"]
[Date "2011.08.19"]
[Round "7.82"]
[White "Hülse, Max"]
[Black "Schilly, Hans-Joachim"]
[Result "1-0"]
[WhiteElo "1445"]
[BlackElo "1835"]
[PlyCount "63"]
[EventDate "2011.??.??"]
[WhiteTeam "Forster Schachclub 95"]
[BlackTeam "SF Siemensstadt"]

1. d4 d5 2. Bf4 Nf6 3. Nf3 e6 4. e3 Bd7 5. Bd3 c5 6. c3 Nc6 7. Nbd2 Be7 8. Ne5
O-O 9. Bg3 a6 10. f4 b5 11. O-O cxd4 12. exd4 b4 13. Qe2 bxc3 14. bxc3 Qa5 15.
Rfc1 Rfc8 16. Nb3 Qb6 17. Rab1 Qa7 18. Bh4 Be8 19. Bxf6 Bxf6 20. Nc5 Rab8 21.
Bxa6 Rxb1 22. Rxb1 Rb8 23. Rxb8 Nxb8 24. Bb5 Qe7 25. Qb2 g6 26. Bxe8 Qxe8 27.
Qb7 Bxe5 28. fxe5 Qd8 29. a4 Kf8 30. a5 Ke8 31. a6 Nd7 32. Qxd7+ 1-0

[Event "10. Lichtenberger Sommer"]
[Site "Berlin"]
[Date "2011.08.19"]
[Round "7.84"]
[White "Hesselbarth, Karlheinz"]
[Black "Kuschfeldt, Karsten"]
[Result "1/2-1/2"]
[WhiteElo "1789"]
[BlackElo "1554"]
[PlyCount "58"]
[EventDate "2011.??.??"]
[WhiteTeam "SC Zugzwang 95 e.V."]
[BlackTeam "SV Königsjäger Süd-West e.V."]

1. d4 c5 2. d5 Nf6 3. c4 d6 4. Nc3 g6 5. e4 Bg7 6. Be2 O-O 7. Be3 Qa5 8. f3
Nfd7 9. Qd2 Ne5 10. Rc1 f5 11. Nh3 fxe4 12. fxe4 Bxh3 13. gxh3 Nf3+ 14. Bxf3
Rxf3 15. Rf1 Rxf1+ 16. Kxf1 Nd7 17. Kg2 Rf8 18. b3 a6 19. Ne2 Qxd2 20. Bxd2 Ne5
21. Rf1 b5 22. Rxf8+ Bxf8 23. cxb5 axb5 24. Kf2 Kf7 25. Nc1 e6 26. dxe6+ Kxe6
27. Ne2 Nc6 28. Kf3 Bg7 29. Nf4+ Ke5 1/2-1/2

[Event "10. Lichtenberger Sommer"]
[Site "Berlin"]
[Date "2011.08.19"]
[Round "7.85"]
[White "Pichler, Gerhard"]
[Black "Stiewe, Frank"]
[Result "1-0"]
[WhiteElo "1818"]
[BlackElo "1696"]
[PlyCount "85"]
[EventDate "2011.??.??"]
[WhiteTeam "Polizeisportverein Tirol"]
[BlackTeam "vereinslos"]

1. c4 Nf6 2. g3 e6 3. Bg2 d5 4. cxd5 exd5 5. d4 Be7 6. Nc3 O-O 7. e3 c6 8. Nge2
b6 9. O-O a5 10. a3 Bf5 11. Bd2 Re8 12. Re1 b5 13. f3 Bd6 14. g4 Bg6 15. Nf4
Qc7 16. Rc1 h6 17. Nxb5 Qd8 18. Nxd6 Qxd6 19. Nxg6 fxg6 20. Qc2 g5 21. Qc5 Qc7
22. Bf1 Rc8 23. Bd3 Nbd7 24. Qc2 Qb6 25. b4 axb4 26. Bxb4 Ra7 27. Bf5 Rb7 28.
Rb1 Qa6 29. Be6+ Kh8 30. Bc5 Re8 31. Rxb7 Qxb7 32. Bxd7 Qxd7 33. h3 Qc7 34. Kg2
Nd7 35. Qg6 Rb8 36. Rb1 Rxb1 37. Qxb1 Qa5 38. Qb4 Qa6 39. Kf2 Kg8 40. Qb3 Kf7
41. e4 Ke6 42. exd5+ cxd5 43. Qe3+ 1-0

[Event "10. Lichtenberger Sommer"]
[Site "Berlin"]
[Date "2011.08.19"]
[Round "7.86"]
[White "Kornijenko, Alexander"]
[Black "Schueler, Wolfgang"]
[Result "0-1"]
[WhiteElo "1648"]
[BlackElo "1939"]
[PlyCount "102"]
[EventDate "2011.??.??"]
[WhiteTeam "vereinslos"]
[BlackTeam "SC Friesen Lichtenberg e.V."]

1. e4 e5 2. Nf3 Nc6 3. Bc4 Bc5 4. d3 Nf6 5. Nc3 d6 6. h3 a6 7. O-O h6 8. a3 Ba7
9. Ne2 O-O 10. c3 Qe7 11. Ng3 Be6 12. Bxe6 Qxe6 13. Nh4 Ne7 14. Qf3 c6 15. Nhf5
Nxf5 16. Nxf5 Kh7 17. Qg3 Rg8 18. Qh4 Nd7 19. Kh2 g5 20. Qh5 Rg6 21. h4 Nf6 22.
Qf3 g4 23. Qe2 Nh5 24. g3 Ng7 25. Ne3 h5 26. Bd2 f5 27. exf5 Nxf5 28. Rae1 Rf8
29. Ng2 Qf7 30. Qe4 Ng7 31. Be3 Bxe3 32. Nxe3 Qf3 33. Qxf3 Rxf3 34. Kg2 Rgf6
35. Re2 Kg6 36. Rd2 Nf5 37. Nxf5 R6xf5 38. Re1 Kf6 39. Re3 Ke6 40. Rde2 Kd5 41.
Kf1 Rxe3 42. Rxe3 a5 43. Re4 b5 44. Ke2 c5 45. b3 Rf3 46. Re3 Rxe3+ 47. fxe3 c4
48. bxc4+ bxc4 49. d4 Ke4 50. Kf2 Kd3 51. dxe5 dxe5 0-1

[Event "10. Lichtenberger Sommer"]
[Site "Berlin"]
[Date "2011.08.19"]
[Round "7.87"]
[White "Münstermann, Claudia"]
[Black "Prix, Siegfried"]
[Result "0-1"]
[WhiteElo "1838"]
[BlackElo "1782"]
[PlyCount "102"]
[EventDate "2011.??.??"]
[WhiteTeam "SC Weisse Dame e.V."]
[BlackTeam "Sfrd. Berlin 1903 e.V."]

1. e4 e5 2. Nf3 Nc6 3. d4 exd4 4. Nxd4 Nf6 5. Nxc6 bxc6 6. e5 Nd5 7. c4 Nb6 8.
Bd3 d5 9. exd6 cxd6 10. O-O Be7 11. Nc3 O-O 12. Qc2 h6 13. Bf4 d5 14. cxd5 cxd5
15. Rad1 Be6 16. Qe2 Bd6 17. Be3 Qh4 18. h3 Rfe8 19. Qd2 Rad8 20. f4 Nc4 21.
Bxc4 dxc4 22. Bxa7 Bc5+ 23. Bxc5 Rxd2 24. Rxd2 Bf5 25. Rff2 Re1+ 26. Kh2 Bd3
27. a4 Qf6 28. a5 Qc6 29. Bb6 f5 30. Nd1 Qa4 31. Nc3 Qb4 32. Nd5 Qd6 33. Nc3 g5
34. Nb5 Qb8 35. Nc7 Re7 36. Nd5 Re6 37. b3 gxf4 38. Nc7 Rc6 39. bxc4 Be4 40.
Na6 Qe5 41. Rd8+ Kh7 42. Rd7+ Kg6 43. Bd4 Qxa5 44. Rg7+ Kh5 45. g4+ fxg3+ 46.
Rxg3 Qxa6 47. Rc3 Rxc4 48. Rxc4 Qxc4 49. Be5 Qc5 50. Bg3 Qc1 51. Rg2 Bxg2 0-1

[Event "10. Lichtenberger Sommer"]
[Site "Berlin"]
[Date "2011.08.19"]
[Round "7.88"]
[White "Kretzschmar, Jan"]
[Black "Moeller, Dirk"]
[Result "1-0"]
[WhiteElo "1807"]
[BlackElo "1683"]
[PlyCount "95"]
[EventDate "2011.??.??"]
[WhiteTeam "SC Kreuzberg e.V."]
[BlackTeam "SC Kreuzberg e.V."]

1. d4 f5 2. g3 Nf6 3. Bg2 d6 4. c4 c6 5. Nc3 g6 6. d5 Bg7 7. Nh3 h6 8. Nf4 Kf7
9. e3 Na6 10. O-O Bd7 11. a3 Nc7 12. Re1 Ng4 13. e4 Be5 14. Nd3 c5 15. f4 Bd4+
16. Kh1 e6 17. Qc2 h5 18. Bf3 Qf6 19. h4 Rae8 20. Re2 e5 21. Bxg4 hxg4 22. fxe5
Bxe5 23. Nxe5+ dxe5 24. Kg1 f4 25. Rf2 f3 26. Bg5 Qg7 27. b4 b6 28. b5 Rh5 29.
a4 Reh8 30. Qd2 Ne8 31. a5 Nd6 32. axb6 axb6 33. Ra7 Kg8 34. Qa2 Qh7 35. Bf6
Rxh4 36. gxh4 g5 37. Rxd7 Qxd7 38. Bxh8 Kxh8 39. hxg5 Qe7 40. Qa8+ Kg7 41. Rh2
Nf7 42. Rh5 Kg6 43. Rh2 Kxg5 44. Qg8+ Kf4 45. d6 Qa7 46. Nd5+ Kg3 47. Rh3+ Kxh3
48. Qh7+ 1-0

[Event "10. Lichtenberger Sommer"]
[Site "Berlin"]
[Date "2011.08.19"]
[Round "7.89"]
[White "Bieg, Pascal"]
[Black "Werninghaus, Klaus Peter"]
[Result "1-0"]
[WhiteElo "1751"]
[BlackElo "1647"]
[PlyCount "97"]
[EventDate "2011.??.??"]
[WhiteTeam "SV Königsjäger Süd-West e.V."]
[BlackTeam "Dortmunder Schachverein 1875"]

1. d4 d5 2. c4 e6 3. Nc3 Nf6 4. Bg5 Nbd7 5. e3 c6 6. Nf3 Be7 7. Qc2 h6 8. Bh4
O-O 9. Bd3 dxc4 10. Bxc4 b5 11. Bd3 a6 12. Rd1 Nd5 13. Bg3 c5 14. Nxd5 exd5 15.
O-O Bb7 16. dxc5 Nxc5 17. Bf5 Bc8 18. Rd2 Be6 19. Rfd1 Qb6 20. Be5 Rac8 21. Qb1
Qb7 22. Bd4 Ne4 23. Bxe4 dxe4 24. Ne1 Rfd8 25. Be5 Rxd2 26. Rxd2 Bb4 27. Rd1
Bxe1 28. Rxe1 Bc4 29. Rd1 Bd5 30. h3 Qc6 31. a3 Qe6 32. Bc3 Bb3 33. Rd4 f5 34.
Qc1 Bc4 35. Qd2 Bd3 36. a4 bxa4 37. Rxa4 Qb3 38. Ra5 Qe6 39. Re5 Qg6 40. Re7
Kf8 41. Rxg7 Qc6 42. f3 a5 43. Ra7 Qe6 44. Rxa5 Qg6 45. f4 Ke8 46. Ra7 Qc6 47.
Qd1 Qg6 48. Qa4+ Rc6 49. Qd4 1-0

[Event "10. Lichtenberger Sommer"]
[Site "Berlin"]
[Date "2011.08.19"]
[Round "7.90"]
[White "Bullig, Reinhard"]
[Black "Wierzbicki, Jirawat"]
[Result "0-1"]
[WhiteElo "1730"]
[BlackElo "1451"]
[PlyCount "78"]
[EventDate "2011.??.??"]
[WhiteTeam "Sfrd. Berlin 1903 e.V."]
[BlackTeam "TuS Makkabi Berlin e.V."]

1. d4 d5 2. Nf3 Nf6 3. g3 g6 4. Bg2 Bg7 5. O-O O-O 6. e3 e6 7. c4 b6 8. Qc2 Qe7
9. b3 Nbd7 10. b4 Qd8 11. b5 Re8 12. Bb2 a6 13. a4 axb5 14. axb5 Bb7 15. Nbd2
c5 16. bxc6 Bxc6 17. cxd5 Bxd5 18. e4 Bb7 19. Rxa8 Qxa8 20. Ra1 Bxe4 21. Qc7
Qc8 22. Qf4 Bf5 23. Rc1 Qa6 24. Nc4 Rc8 25. Bf1 Qa2 26. Ra1 Qb3 27. Nfd2 Qb4
28. Ba3 Qa4 29. Nd6 Ra8 30. Bb5 Qa7 31. Bb2 Qb8 32. Rc1 Qa7 33. Rc4 h5 34. Nxf5
exf5 35. Rc7 Qa2 36. Nc4 Nb8 37. Qd6 Qb1+ 38. Kg2 Qe4+ 39. f3 Qe2+ 0-1

[Event "10. Lichtenberger Sommer"]
[Site "Berlin"]
[Date "2011.08.19"]
[Round "7.91"]
[White "Mako, Attila"]
[Black "Laurin, Dirk"]
[Result "1-0"]
[WhiteElo "1702"]
[BlackElo "1671"]
[PlyCount "49"]
[EventDate "2011.??.??"]
[WhiteTeam "BSC Rehberge 1945 e.V."]
[BlackTeam "SG Narva Berlin e.V."]

1. d4 d5 2. Bf4 Nf6 3. e3 e6 4. Bd3 Be7 5. Nf3 c5 6. c3 c4 7. Bc2 Nc6 8. Nbd2
Nh5 9. Be5 f6 10. Nh4 fxe5 11. Qxh5+ Kd7 12. Nhf3 g6 13. Nxe5+ Nxe5 14. Qxe5
Bf6 15. Qg3 b5 16. a4 Ba6 17. O-O Qc7 18. axb5 Bxb5 19. Ba4 Bxa4 20. Rxa4 a5
21. Qf3 Rhf8 22. Qe2 Rab8 23. Nf3 Rb5 24. b4 cxb3 25. Qxb5+ 1-0

[Event "10. Lichtenberger Sommer"]
[Site "Berlin"]
[Date "2011.08.19"]
[Round "7.92"]
[White "Llacer Bosbach, Ana"]
[Black "Dittrich, Hans-Georg"]
[Result "0-1"]
[WhiteElo "1526"]
[BlackElo "1698"]
[PlyCount "120"]
[EventDate "2011.??.??"]
[WhiteTeam "CIM Benimaclet Valencia"]
[BlackTeam "SG Blau-Weiß Stadtilm"]

1. e4 e5 2. Nf3 Nc6 3. d4 exd4 4. Nxd4 Qh4 5. Nc3 Bb4 6. Nde2 Qxe4 7. Bd2 Bxc3
8. Bxc3 Nf6 9. Qd2 d6 10. O-O-O Be6 11. Kb1 Qa4 12. b3 Qa3 13. Nd4 Ne4 14. Qe3
Nxc3+ 15. Qxc3 O-O 16. Nb5 Qc5 17. Qxc5 dxc5 18. Nxc7 Rad8 19. Kc1 Rxd1+ 20.
Kxd1 Rd8+ 21. Kc1 Bf5 22. Nb5 a6 23. Na3 Nb4 24. f3 Nxa2+ 25. Kb2 Nb4 26. Kc3
Rd1 27. g4 Bg6 28. Bg2 Nd5+ 29. Kb2 Rd2 30. Re1 h6 31. Bh1 b5 32. h4 b4 33. Kc1
Rh2 34. h5 Bxh5 35. gxh5 bxa3 36. Kb1 Rxh5 37. Ka2 Rh2 38. Kxa3 Rxc2 39. Re8+
Kh7 40. f4 Nc3 41. b4 cxb4+ 42. Kxb4 Rc1 43. Bg2 Nb5 44. Bd5 Nc7 45. Be4+ g6
46. Re7 Kg7 47. Rd7 Ne6 48. Bd5 Kf6 49. Ra7 Nxf4 50. Rxf7+ Kg5 51. Be4 h5 52.
Ra7 h4 53. Rxa6 h3 54. Ra2 Kh4 55. Kb3 g5 56. Rd2 g4 57. Kb2 Rc5 58. Kb3 g3 59.
Bf3 g2 60. Rd4 Kg3 0-1

[Event "10. Lichtenberger Sommer"]
[Site "Berlin"]
[Date "2011.08.19"]
[Round "7.93"]
[White "Kühnert, Hanno"]
[Black "Kasper, Peter"]
[Result "0-1"]
[WhiteElo "1313"]
[BlackElo "1808"]
[PlyCount "74"]
[EventDate "2011.??.??"]
[WhiteTeam "SC Rotation Pankow e.V."]
[BlackTeam "SG Eckturm"]

1. d4 d5 2. c4 e6 3. Nc3 Nf6 4. Nf3 Be7 5. e3 O-O 6. Bd3 c5 7. b3 cxd4 8. exd4
Bb4 9. Qc2 h6 10. O-O b6 11. Ne5 dxc4 12. Nxc4 Qxd4 13. Bb2 Bb7 14. Ne4 Qd8 15.
Nxf6+ gxf6 16. Qe2 Qd5 17. Ne3 Qg5 18. f4 Qg7 19. Rac1 Bc5 20. Rf2 Nd7 21. b4
Bxe3 22. Qxe3 Rac8 23. g3 Rfe8 24. Bb5 Red8 25. Rxc8 Bxc8 26. Qc1 Qf8 27. Bxd7
Rxd7 28. Bxf6 Bb7 29. Rc2 Kh7 30. Qb1 Be4 31. g4 Qd6 32. Rc8 Bxb1 33. Be5 Qd1+
34. Kf2 Rd2+ 35. Kg3 Rd3+ 36. Kh4 Qe1+ 37. Kh5 Rh3# 0-1

[Event "10. Lichtenberger Sommer"]
[Site "Berlin"]
[Date "2011.08.19"]
[Round "7.94"]
[White "Reichert, Lutz"]
[Black "Toth, Hans-Juergen"]
[Result "1-0"]
[WhiteElo "1757"]
[BlackElo "1641"]
[PlyCount "69"]
[EventDate "2011.??.??"]
[WhiteTeam "Schwarz-Weiß Neukölln e.V."]
[BlackTeam "Schachfreunde Zehdenick 76 e.V."]

1. g3 f5 2. Nf3 Nf6 3. c4 e6 4. Nc3 Bb4 5. Bg2 c6 6. O-O O-O 7. a3 Bxc3 8. bxc3
d5 9. cxd5 exd5 10. d4 Nbd7 11. Qc2 Ne4 12. Nd2 Ndf6 13. f3 Nd6 14. a4 Be6 15.
Ba3 Re8 16. Bxd6 Qxd6 17. e4 fxe4 18. fxe4 Qd7 19. e5 Ng4 20. Rae1 Rf8 21. Nf3
Bf5 22. Qd2 Be4 23. Ng5 Rxf1+ 24. Rxf1 Bg6 25. Qf4 Nh6 26. Bh3 Qe7 27. Be6+ Kh8
28. h4 a6 29. g4 b5 30. h5 Be4 31. a5 Rb8 32. Nf7+ Nxf7 33. Bxf7 c5 34. e6 Qh4
35. Qxb8+ 1-0

[Event "10. Lichtenberger Sommer"]
[Site "Berlin"]
[Date "2011.08.19"]
[Round "7.96"]
[White "Bauer, Stefan"]
[Black "Sube, Günter"]
[Result "1/2-1/2"]
[WhiteElo "1684"]
[BlackElo "1842"]
[PlyCount "69"]
[EventDate "2011.??.??"]
[WhiteTeam "SC Kreuzberg e.V."]
[BlackTeam "SV Bau-Union e.V."]

1. Nf3 Nf6 2. d4 e6 3. Nbd2 b6 4. e4 Bb7 5. e5 Ne4 6. Nxe4 Bxe4 7. Ng5 Bg6 8.
Qf3 Nc6 9. c3 Be7 10. h4 h6 11. Nh3 O-O 12. h5 Bh7 13. g4 f5 14. Bd3 Kh8 15.
Rg1 Rf7 16. g5 hxg5 17. Bxg5 Qg8 18. Bxe7 Rxe7 19. Ng5 Rf8 20. O-O-O Nd8 21.
Qf4 Nf7 22. Qh4 Nxg5 23. Rxg5 Qf7 24. Rdg1 Rg8 25. f4 Qe8 26. Qh1 c6 27. Be2
Qf8 28. Rg6 Rf7 29. Qh4 Qe7 30. R6g5 Qf8 31. Rg6 Qe7 32. R6g5 Qf8 33. Qg3 Re7
34. Rg6 Rf7 35. Qh4 1/2-1/2

[Event "10. Lichtenberger Sommer"]
[Site "Berlin"]
[Date "2011.08.19"]
[Round "7.97"]
[White "Kujawa, Werner"]
[Black "Stiemerling, Karl-Heinz"]
[Result "1-0"]
[WhiteElo "1836"]
[BlackElo "1673"]
[PlyCount "75"]
[EventDate "2011.??.??"]
[WhiteTeam "SV Motor Wildau e.V."]
[BlackTeam "vereinslos"]

1. e4 c5 2. Nf3 Nc6 3. d4 cxd4 4. Nxd4 e5 5. Nb5 d6 6. c4 a6 7. N5c3 Nf6 8. Na3
Nd4 9. Nc2 Bg4 10. f3 Nxc2+ 11. Qxc2 Bd7 12. Be3 Be7 13. Be2 O-O 14. O-O Bc6
15. b4 b6 16. a4 Bb7 17. a5 Nd7 18. axb6 Nxb6 19. c5 Nc8 20. Rfd1 Qc7 21. Nd5
Bxd5 22. exd5 dxc5 23. bxc5 a5 24. Rdc1 Qd8 25. d6 Bg5 26. Qd2 Bxe3+ 27. Qxe3
Qf6 28. d7 Ne7 29. Bb5 Nf5 30. Qe4 Nd4 31. Ba4 Ra6 32. c6 Ne6 33. c7 Nxc7 34.
Qb7 Qd6 35. Qxc7 Qd4+ 36. Kh1 Rd6 37. Qc5 Qd2 38. Rd1 1-0

[Event "10. Lichtenberger Sommer"]
[Site "Berlin"]
[Date "2011.08.19"]
[Round "7.99"]
[White "Duric, Rajko"]
[Black "Stark, Steven"]
[Result "1-0"]
[WhiteElo "1808"]
[BlackElo "1594"]
[PlyCount "95"]
[EventDate "2011.??.??"]
[WhiteTeam "SC Kreuzberg e.V."]
[BlackTeam "VfB Hermsdorf e.V."]

1. e4 a5 2. d4 d5 3. exd5 Qxd5 4. Nc3 Qe6+ 5. Be3 g5 6. d5 Qg4 7. Qxg4 Bxg4 8.
Bxg5 f6 9. Be3 Bh6 10. h3 Bf5 11. O-O-O Na6 12. Nf3 O-O-O 13. Bxa6 bxa6 14.
Rhe1 Bf8 15. Nd4 Nh6 16. Nc6 Rd7 17. g4 Bg6 18. Na4 e6 19. dxe6 Rxd1+ 20. Rxd1
Bd6 21. Bxh6 Be8 22. Nxa5 Bxa4 23. Nc4 Bc5 24. Be3 Bb4 25. a3 Bb5 26. axb4 Bxc4
27. e7 Bb5 28. Bh6 Re8 29. Bf8 Bd7 30. Rd5 c6 31. Rh5 Kc7 32. Rxh7 Kd6 33. Rh5
Bc8 34. Rc5 Bd7 35. h4 Bxg4 36. h5 Bf3 37. Rf5 Be4 38. Rxf6+ Ke5 39. Rh6 Kf5
40. Rd6 Bf3 41. h6 Ke5 42. Rd8 Bh5 43. h7 Ke4 44. h8=Q Bf7 45. Qf6 Rxd8 46.
exd8=Q Bd5 47. Qe8+ Be6 48. Qexe6# 1-0

[Event "10. Lichtenberger Sommer"]
[Site "Berlin"]
[Date "2011.08.19"]
[Round "7.100"]
[White "Hitzelberger, Michael"]
[Black "Priese, Annika"]
[Result "1/2-1/2"]
[WhiteElo "1284"]
[BlackElo "1462"]
[PlyCount "107"]
[EventDate "2011.??.??"]
[WhiteTeam "Sfrd. Berlin 1903 e.V."]
[BlackTeam "SG 1871 Löberitz"]

1. e4 c5 2. Nf3 d6 3. d4 cxd4 4. Nxd4 Nf6 5. Nc3 a6 6. Be3 e6 7. f4 Nbd7 8. Bd3
b5 9. b4 Bb7 10. Qe2 Rc8 11. Bd2 Be7 12. Nd1 Qc7 13. Nf2 Nb6 14. O-O Nc4 15.
Nf3 O-O 16. Bc1 Qb8 17. Nd2 Nxd2 18. Bxd2 Rfe8 19. Rfc1 Qa8 20. a4 bxa4 21.
Rxa4 Qb8 22. Bxa6 Bxa6 23. Rxa6 d5 24. e5 Nd7 25. c3 Nb6 26. Raa1 Nc4 27. Be1
Qb6 28. Kh1 Bh4 29. Nd3 Be7 30. Bf2 Qb7 31. Nc5 Qc6 32. Bd4 h6 33. Rcb1 Rb8 34.
Nb3 Ra8 35. Bf2 Ra3 36. Nd4 Qb7 37. Rxa3 Nxa3 38. Rb2 Rc8 39. Ra2 Nc4 40. Nb3
Qd7 41. Ra7 Qe8 42. Qc2 Bf8 43. Na5 Qb5 44. Nxc4 Qxc4 45. Qd2 Qxc3 46. Qxc3
Rxc3 47. Ra8 Rb3 48. h3 Rxb4 49. Bc5 Rc4 50. Rxf8+ Kh7 51. Bg1 Rxf4 52. Kh2 Kg6
53. Rg8 Kh7 54. Rf8 1/2-1/2

[Event "10. Lichtenberger Sommer"]
[Site "Berlin"]
[Date "2011.08.19"]
[Round "7.101"]
[White "Petersen, Marcel"]
[Black "Theilig, Reinhard"]
[Result "1/2-1/2"]
[WhiteElo "1271"]
[BlackElo "1701"]
[PlyCount "41"]
[EventDate "2011.??.??"]
[WhiteTeam "SG Grün-Weiß Baumschulenweg e.V."]
[BlackTeam "VfB Hermsdorf e.V."]

1. e4 c5 2. Nf3 d6 3. d4 cxd4 4. Nxd4 Nf6 5. Nc3 g6 6. Be3 Bg7 7. f3 Nc6 8. Bc4
O-O 9. Qd2 Nxd4 10. Bxd4 e6 11. g4 a6 12. h4 b5 13. Bb3 h5 14. g5 Ne8 15. Bxg7
Nxg7 16. O-O-O Ne8 17. Ne2 Qb6 18. c3 Bb7 19. Ng3 Ng7 20. Bc2 a5 21. Rhf1
1/2-1/2

[Event "10. Lichtenberger Sommer"]
[Site "Berlin"]
[Date "2011.08.19"]
[Round "7.102"]
[White "Dittrich, Tom"]
[Black "Paris, Gerhard"]
[Result "1-0"]
[WhiteElo "1157"]
[BlackElo "1628"]
[PlyCount "115"]
[EventDate "2011.??.??"]
[WhiteTeam "SG Blau-Weiß Stadtilm"]
[BlackTeam "TSG Oberschöneweide e.V."]

1. Nc3 Nf6 2. e4 e5 3. Bc4 Be7 4. f4 Nc6 5. Nf3 d6 6. d4 exd4 7. Nxd4 Bg4 8.
Nxc6 bxc6 9. Qd3 O-O 10. O-O Be6 11. Bxe6 fxe6 12. f5 Qd7 13. Bd2 exf5 14. exf5
d5 15. h3 Bc5+ 16. Kh1 Rae8 17. Rae1 Bd6 18. Rxe8 Rxe8 19. Re1 Rxe1+ 20. Bxe1
Qe7 21. Qe2 Kf7 22. Qxe7+ Kxe7 23. g4 g6 24. fxg6 hxg6 25. Kg2 Ke6 26. Kf3 d4
27. Ne4 c5 28. Nxd6 cxd6 29. b3 d5 30. Kf4 Ne4 31. h4 Kf6 32. g5+ Ke6 33. Kg4
Nd6 34. h5 gxh5+ 35. Kxh5 Kf7 36. g6+ Kg8 37. Kg5 c4 38. bxc4 dxc4 39. Kf4 c3
40. Kf3 Kg7 41. Ke2 Kxg6 42. Kd3 Nb5 43. Bf2 Kf5 44. Bxd4 Ke6 45. Bxc3 Nxc3 46.
Kxc3 Kd6 47. Kb4 Kc6 48. Ka5 Kb7 49. a4 Ka8 50. Kb5 Kb7 51. c4 Kb8 52. Kc6 Kc8
53. a5 Kb8 54. Kd7 Kb7 55. c5 Ka8 56. c6 a6 57. c7 Ka7 58. Kd8 1-0

[Event "10. Lichtenberger Sommer"]
[Site "Berlin"]
[Date "2011.08.19"]
[Round "7.103"]
[White "Pilgrim, Wilfried"]
[Black "Winz, Michael"]
[Result "1-0"]
[WhiteElo "1463"]
[BlackElo "1684"]
[PlyCount "33"]
[EventDate "2011.??.??"]
[WhiteTeam "SC Kreuzberg e.V."]
[BlackTeam "SC Friesen Lichtenberg e.V."]

1. Nf3 Nf6 2. c4 e6 3. Nc3 c6 4. e4 Bb4 5. d3 d5 6. e5 Nfd7 7. Bg5 f6 8. exf6
Nxf6 9. Ne5 d4 10. a3 Ba5 11. b4 Bc7 12. Ne4 Bxe5 13. f4 O-O 14. fxe5 h6 15.
Bxf6 gxf6 16. Qg4+ Kf7 17. Nd6+ 1-0

[Event "10. Lichtenberger Sommer"]
[Site "Berlin"]
[Date "2011.08.19"]
[Round "7.104"]
[White "Huelse, Hagen"]
[Black "Kitzler, Gerhard"]
[Result "1-0"]
[WhiteElo "1702"]
[BlackElo "1588"]
[PlyCount "56"]
[EventDate "2011.??.??"]
[WhiteTeam "Forster Schachclub 95"]
[BlackTeam "vereinslos"]

1. d4 d5 2. Nf3 Nf6 3. Bf4 e6 4. e3 Bd6 5. Bg3 O-O 6. Nbd2 c5 7. c3 c4 8. Qc2
b5 9. Bh4 Be7 10. Ne5 Bb7 11. f4 Ne4 12. Bxe7 Qxe7 13. Nxe4 dxe4 14. Ng4 f5 15.
Ne5 Na6 16. a4 Bd5 17. axb5 Nc7 18. Ra5 Qd6 19. Nxc4 Bxc4 20. Bxc4 Qb6 21. b4
Nd5 22. Kd2 h6 23. Ra6 Qc7 24. Qb3 Nxf4 25. Rc6 Qb8 26. g3 Nh5 27. Rxe6 Kh7 28.
Qd1 Nxg3 1-0

[Event "10. Lichtenberger Sommer"]
[Site "Berlin"]
[Date "2011.08.19"]
[Round "7.105"]
[White "Güldenpfennig, Gavin"]
[Black "Mildenberger, Hans"]
[Result "1-0"]
[WhiteElo "1203"]
[BlackElo "1633"]
[PlyCount "33"]
[EventDate "2011.??.??"]
[WhiteTeam "BSC Rehberge 1945 e.V."]
[BlackTeam "SG BVG Helmholtz 55 (FV Schach)"]

1. e4 e6 2. d4 d5 3. e5 c5 4. Nf3 cxd4 5. Nxd4 Bc5 6. Be3 Qb6 7. Bb5+ Bd7 8.
Qd3 a6 9. Bxd7+ Nxd7 10. Qc3 Ne7 11. O-O O-O 12. f4 Rac8 13. Rf2 f6 14. exf6
Nxf6 15. Nd2 Ng4 16. Nxe6 Bxe3 17. Qxg7# 1-0